[Event "XIX Festival A"]
[Site "Arco ITA"]
[Date "2007.10.23"]
[Round "4"]
[White "Vink, Wim"]
[Black "Weinberg, Emanuele"]
[Result "1-0"]
[WhiteElo "2084"]
[BlackElo "1907"]
[PlyCount "139"]
[EventDate "2007.10.20"]

1. Nf3 Nf6 2. c4 g6 3. d4 c5 4. d5 e6 5. Nc3 exd5 6. cxd5 d6 7. e4 Bg7 8. Be2
O-O 9. O-O Bg4 10. Nd2 Bxe2 11. Qxe2 a6 12. a4 Re8 13. f3 Nbd7 14. Nc4 Nb6 15.
Na3 Nfxd5 16. Nxd5 Nxd5 17. Rd1 Bd4+ 18. Kh1 Qf6 19. Nc2 Nb4 20. Nxd4 cxd4 21.
Qc4 Nc6 22. b4 d3 23. Rb1 Ne5 24. Qd4 g5 25. Rxd3 Qg6 26. Bb2 Rac8 27. Rc3 Qe6
28. Rbc1 Rcd8 29. Rd1 f6 30. Rc7 Re7 31. Rcc1 Red7 32. Qd5 Kf7 33. Kg1 Re7 34.
Bxe5 fxe5 35. Kf2 Qxd5 36. Rxd5 Ke6 37. Kg3 Kf6 38. b5 axb5 39. Rxb5 Kg6 40.
Rcb1 Rdd7 41. Rb6 Kf7 42. R1b5 Kf6 43. Kf2 Ke6 44. Ke2 Rc7 45. a5 Rcd7 46. Kf2
Kf6 47. Kg3 Kg6 48. h4 Kh5 49. hxg5 Kg6 50. Rd5 Re6 51. Kg4 Kf7 52. Rd1 Kg7 53.
Rdb1 Ree7 54. Rd1 Re6 55. g3 Kg6 56. f4 exf4 57. gxf4 Rxe4 58. Rbxd6+ Rxd6 59.
Rxd6+ Kg7 60. Rd7+ Kg6 61. Rxb7 Ra4 62. Rb6+ Kg7 63. a6 Kf7 64. Rf6+ Kg7 65.
Rb6 Kf7 66. Rb7+ Kg6 67. a7 h5+ 68. gxh6 Kxh6 69. Kf5 Ra6 70. Re7 1-0

[Event "XIX Festival A"]
[Site "Arco ITA"]
[Date "2007.10.23"]
[Round "4"]
[White "Viviani, Mario"]
[Black "Coqueraut, Jean Dominique"]
[Result "0-1"]
[WhiteElo "1800"]
[BlackElo "2061"]
[PlyCount "96"]
[EventDate "2007.10.20"]

1. c4 e5 2. Nc3 Nf6 3. e4 d6 4. Nf3 c6 5. Be2 Be7 6. O-O O-O 7. d3 Bd7 8. Qb3
Qc8 9. Bg5 Na6 10. d4 exd4 11. Nxd4 Nc5 12. Qc2 Re8 13. Nf5 Bxf5 14. exf5 Qd7
15. Rad1 b6 16. Bf3 h6 17. Bf4 Rad8 18. b4 Nb7 19. g4 Qc8 20. g5 hxg5 21. Bxg5
Nh7 22. Bxe7 Rxe7 23. Kh1 Nf6 24. Rg1 Re5 25. Rg5 Nh7 26. Rg3 f6 27. Rdg1 Rd7
28. h4 Rde7 29. Be4 d5 30. f4 Rxe4 31. Nxe4 dxe4 32. Qg2 Qc7 33. Rg4 Nd6 34.
Re1 e3 35. Qc2 Qd7 36. h5 Nxf5 37. Rd1 Nd4 38. Qg2 e2 39. Re1 Nc2 40. Rxe2 Qd1+
41. Kh2 Rxe2 42. Rxg7+ Kf8 43. Rg8+ Kf7 44. Rg7+ Ke8 45. Rg8+ Nf8 46. h6 Rxg2+
47. Kxg2 Qh5 48. Rh8 Nxb4 0-1

[Event "XIX Festival A"]
[Site "Arco ITA"]
[Date "2007.10.23"]
[Round "4"]
[White "Zenatto, Giuliano"]
[Black "Trifoni, Giorgio"]
[Result "1-0"]
[WhiteElo "1853"]
[BlackElo "1658"]
[PlyCount "199"]
[EventDate "2007.10.20"]

1. Nf3 Nf6 2. d4 g6 3. e3 Bg7 4. c4 e6 5. b3 O-O 6. Bb2 c6 7. Be2 d5 8. c5 b5
9. O-O a5 10. a3 Nbd7 11. Qc2 Ne4 12. Nbd2 Ndf6 13. Bd3 Nxd2 14. Qxd2 Ba6 15.
Qe2 Ne4 16. Nd2 Qg5 17. b4 Bc8 18. Nxe4 dxe4 19. Bxe4 Bd7 20. Bf3 f6 21. Bc3 a4
22. Rad1 Rac8 23. Qb2 Be8 24. Rd2 f5 25. g3 Rd8 26. Rfd1 Qf6 27. Rd3 Qe7 28.
Bg2 g5 29. h3 h5 30. Rf1 g4 31. h4 Qc7 32. Rd2 Bf7 33. Re1 Rfe8 34. Qc2 Bf6 35.
Rde2 Bg6 36. Qb2 Bf7 37. Qc1 Kh7 38. Rb2 Kg8 39. Bd2 Bg7 40. Kh1 e5 41. Bc3 e4
42. Rd2 Bd5 43. Qb2 Bf6 44. Kg1 Kh7 45. Qa1 Kg6 46. Rc1 Rh8 47. Kf1 Qe7 48. Ke2
Bc4+ 49. Kd1 Qe6 50. Kc2 Bd3+ 51. Kd1 Bc4 52. Kc2 Bb3+ 53. Kb1 Bc4 54. Qb2 Rd7
55. Bf1 Bb3 56. Be2 Qe7 57. Bd1 Bd5 58. Be2 Bxh4 59. gxh4 Qxh4 60. Rf1 Qg5 61.
Rdd1 h4 62. Rh1 Rhh7 63. Rdg1 Kf6 64. Bd2 g3 65. fxg3 hxg3 66. Rxh7 Rxh7 67.
Qc1 Rh2 68. Qe1 g2 69. Kb2 Qg8 70. Bd1 Bb3 71. Bc3 Bd5 72. Qf2 Qg5 73. Qe1 Ke6
74. Bd2 Bc4 75. Be2 Bxe2 76. Qxe2 Qg3 77. Be1 Qf3 78. Qf2 Qd1 79. Qc2 Qf3 80.
Qf2 Kf6 81. Qg3 Qe2+ 82. Ka1 Qd1+ 83. Kb2 Qb3+ 84. Kc1 Qxa3+ 85. Kc2 Qd3+ 86.
Kc1 Qa3+ 87. Kc2 Qa2+ 88. Kc1 Qa1+ 89. Kc2 Qxe1 90. Qxe1 a3 91. Kb3 a2 92. Kxa2
Ke6 93. Qf2 Rh3 94. Rxg2 Rf3 95. Qd2 Kf6 96. Rf2 Kg5 97. Rxf3 exf3 98. Qf2 Kg4
99. Kb2 f4 100. e4 1-0

[Event "XIX Festival A"]
[Site "Arco ITA"]
[Date "2007.10.23"]
[Round "4"]
[White "Zordan, Diego"]
[Black "Picone, Franco"]
[Result "1/2-1/2"]
[WhiteElo "1607"]
[BlackElo "1864"]
[PlyCount "138"]
[EventDate "2007.10.20"]

1. d4 d5 2. Nf3 Nf6 3. Bg5 e6 4. e3 Be7 5. c4 c6 6. Nc3 Nbd7 7. Rc1 O-O 8. Bd3
dxc4 9. Bxc4 b5 10. Bd3 Bb7 11. O-O Rc8 12. Qc2 a6 13. Rfd1 h6 14. Bh4 c5 15.
dxc5 Rxc5 16. b4 Rh5 17. Bxf6 Bxf6 18. Ne4 Qb8 19. Qc7 Rd5 20. Nxf6+ Nxf6 21.
Qxb8 Rxb8 22. Rc7 e5 23. Bc2 Rxd1+ 24. Bxd1 Bxf3 25. gxf3 Nd5 26. Ra7 Nxb4 27.
Bb3 Rf8 28. a3 Nd3 29. Rxa6 Nc5 30. Ra5 Nxb3 31. Rxb5 Nd2 32. Kg2 f6 33. a4 Ra8
34. Rb4 Ra7 35. f4 exf4 36. exf4 Ra5 37. f3 Rc5 38. Kf2 Nc4 39. Ke2 Na5 40. Kd3
Rc7 41. Rb5 Ra7 42. Rb4 Kf7 43. Ke4 Rc7 44. Kd5 Ke7 45. Rb5 Kd7 46. Rxa5 Rc3
47. Ra7+ Kc8 48. Rxg7 Rxf3 49. Ke4 Rc3 50. Kf5 Rc4 51. Rh7 Rxa4 52. Rxh6 Kd7
53. Rxf6 Ke7 54. Rh6 Kf7 55. h4 Kg7 56. Rg6+ Kf7 57. h5 Rb4 58. Kg5 Rb5+ 59. f5
Rb1 60. Rf6+ Ke7 61. Re6+ Kf7 62. Kh6 Rg1 63. Rb6 Rg8 64. Rg6 Rd8 65. Kg5 Rd1
66. f6 Rg1+ 67. Kh6 Rf1 68. Kh7 Rxf6 69. Rg7+ Kf8 1/2-1/2

[Event "XIX Festival A"]
[Site "Arco ITA"]
[Date "2007.10.23"]
[Round "4"]
[White "Zucchelli, Massimo"]
[Black "Weiland, Guenter"]
[Result "1-0"]
[WhiteElo "2118"]
[BlackElo "1982"]
[PlyCount "72"]
[EventDate "2007.10.20"]

1. d4 g6 2. Nf3 Bg7 3. Bf4 d6 4. e3 Nf6 5. h3 O-O 6. Be2 Nbd7 7. Bh2 c5 8. c3
a6 9. O-O b6 10. a4 Bb7 11. Na3 Rc8 12. Rc1 Rc7 13. Qb3 Bd5 14. c4 Bxf3 15.
Bxf3 Qb8 16. d5 Ne5 17. Be2 g5 18. Nb1 Ng6 19. Nc3 Rb7 20. f4 gxf4 21. exf4 e6
22. f5 exf5 23. Rxf5 Re7 24. Rcf1 Nd7 25. Bd3 Nde5 26. Bb1 Qd8 27. Ne4 h6 28.
Qc2 Rb7 29. Nf6+ Kh8 30. Bxe5 dxe5 31. Qe4 Qd6 32. h4 Rg8 33. h5 Nf8 34. Nxg8
Kxg8 35. R5f3 Rd7 36. Qg4 Nh7 1-0

[Event "XIX Festival A"]
[Site "Arco ITA"]
[Date "2007.10.24"]
[Round "5"]
[White "Aagaard, Jacob"]
[Black "Serafimov, Tervel"]
[Result "1/2-1/2"]
[WhiteElo "2535"]
[BlackElo "2379"]
[PlyCount "88"]
[EventDate "2007.10.20"]

1. e4 c6 2. d4 d5 3. Nd2 dxe4 4. Nxe4 Bf5 5. Ng3 Bg6 6. Bc4 e6 7. N1e2 Nf6 8.
O-O Be7 9. f4 Bf5 10. Nxf5 exf5 11. Qd3 Ne4 12. Ng3 Nxg3 13. hxg3 O-O 14. c3
Qd7 15. a4 a5 16. Re1 Bd6 17. d5 cxd5 18. Qxd5 Na6 19. Bb5 Bc5+ 20. Qxc5 Nxc5
21. Bxd7 Nxd7 22. Be3 Rfe8 23. Bd4 Kf8 24. Kf2 g6 25. Rxe8+ Rxe8 26. b4 axb4
27. cxb4 Re4 28. Rd1 b6 29. a5 bxa5 30. bxa5 Re6 31. Re1 Rxe1 32. Kxe1 Nb8 33.
Kd2 Ke7 34. Kd3 Kd7 35. Ba7 Na6 36. Kd4 Kd6 37. Bb6 Nb8 38. Bc5+ Kc6 39. Ba7
Nd7 40. Kc4 Nf6 41. a6 Ne4 42. Be3 Nxg3 43. a7 Kb7 44. Kd5 Ne4 1/2-1/2

[Event "XIX Festival A"]
[Site "Arco ITA"]
[Date "2007.10.24"]
[Round "5"]
[White "Ager, Josef"]
[Black "Qendro, Llambi"]
[Result "1/2-1/2"]
[WhiteElo "2188"]
[BlackElo "2404"]
[PlyCount "44"]
[EventDate "2007.10.20"]

1. d4 g6 2. c4 Bg7 3. Nc3 d6 4. Nf3 Bg4 5. e3 Nf6 6. Be2 O-O 7. O-O c5 8. d5
Na6 9. h3 Bxf3 10. Bxf3 Nc7 11. Rb1 Nd7 12. Qc2 Rb8 13. Bd2 e6 14. dxe6 fxe6
15. Be2 Qe7 16. Rbd1 Nb6 17. Bc1 Rbd8 18. b3 Kh8 19. Ne4 Ne8 20. f4 Nc8 21. Ng5
Bf6 22. Nf3 Ng7 1/2-1/2

[Event "XIX Festival A"]
[Site "Arco ITA"]
[Date "2007.10.24"]
[Round "5"]
[White "Ben Houidi, Lassaad"]
[Black "Giuriato, Sergio"]
[Result "0-1"]
[WhiteElo "1599"]
[BlackElo "1990"]
[PlyCount "50"]
[EventDate "2007.10.20"]

1. e4 Nc6 2. d4 d5 3. e5 Bf5 4. c3 e6 5. Bd3 Bxd3 6. Qxd3 f6 7. Nf3 fxe5 8.
dxe5 Be7 9. Bf4 g5 10. Bg3 Nh6 11. Nd4 Nxd4 12. cxd4 Qd7 13. Nd2 Nf5 14. Rc1
Rc8 15. Nb3 b6 16. O-O c5 17. Qc3 O-O 18. Qd2 Qa4 19. Rc3 cxd4 20. Rxc8 Rxc8
21. Rc1 Rc4 22. f4 Qxa2 23. Rxc4 dxc4 24. Nxd4 Nxd4 25. Qxd4 Bc5 0-1

[Event "XIX Festival A"]
[Site "Arco ITA"]
[Date "2007.10.24"]
[Round "5"]
[White "Bernardi, Ruben"]
[Black "De Santis, Alessio"]
[Result "1/2-1/2"]
[WhiteElo "2107"]
[BlackElo "2367"]
[PlyCount "88"]
[EventDate "2007.10.20"]

1. e4 c5 2. Nf3 e6 3. d3 Nc6 4. g3 Be7 5. Bg2 a6 6. c3 Nf6 7. O-O d5 8. Nbd2
O-O 9. e5 Nd7 10. Re1 Rb8 11. Nf1 b5 12. a3 a5 13. h4 a4 14. Bf4 Na5 15. N1h2
Nb3 16. Rb1 b4 17. Ng5 h6 18. Qh5 hxg5 19. hxg5 Re8 20. Ng4 Ba6 21. Rbd1 bxc3
22. bxc3 Nf8 23. Bf3 Ng6 24. Kg2 c4 25. dxc4 Bxc4 26. Be4 dxe4 27. Rxd8 Rexd8
28. Nf6+ Kf8 29. Qh7 Bxa3 30. Qg8+ Ke7 31. Qxg7 Nc5 32. Rh1 Rh8 33. Rh6 Be2 34.
Nd5+ Kd7 35. Qxf7+ Kc6 36. Nb4+ Bxb4 37. cxb4 Bf3+ 38. Kh3 Rhf8 39. Qxg6 Rxb4
40. Be3 Rb1 41. g4 Rh1+ 42. Kg3 Rg1+ 43. Kh2 Rh1+ 44. Kg3 Rg1+ 1/2-1/2

[Event "XIX Festival A"]
[Site "Arco ITA"]
[Date "2007.10.24"]
[Round "5"]
[White "Brunner, Stefan"]
[Black "Pipitone, Antonio"]
[Result "0-1"]
[WhiteElo "1800"]
[BlackElo "2028"]
[PlyCount "83"]
[EventDate "2007.10.20"]

1. e4 c5 2. Nf3 d6 3. d4 cxd4 4. Nxd4 Nf6 5. Nc3 Nc6 6. Bc4 e6 7. Be3 Be7 8. f3
a6 9. Nxc6 bxc6 10. Qd2 Bb7 11. O-O-O d5 12. Bb3 O-O 13. exd5 cxd5 14. Ne2 a5
15. c3 a4 16. Bc2 a3 17. b3 e5 18. f4 e4 19. Bd4 Qc7 20. Kb1 Rfd8 21. Qe3 Nd7
22. h4 Bf6 23. Rh3 Bxd4 24. Nxd4 Nf6 25. h5 Ng4 26. Qg3 Bc8 27. h6 g6 28. Rc1
f5 29. Bd1 Rf8 30. Rh1 Qd6 31. Bxg4 fxg4 32. Ne2 Ra7 33. Qe3 Raf7 34. g3 Ba6
35. Nd4 Bd3+ 36. Ka1 Rc8 37. Rhe1 Rfc7 38. Qd2 Qf6 39. Nb5 Bxb5 40. Qxd5+ Kh8
41. Qxb5 Rxc3 42. Rxc3 0-1

[Event "XIX Festival A"]
[Site "Arco ITA"]
[Date "2007.10.24"]
[Round "5"]
[White "Buck, Klaus-Michael"]
[Black "Stolfa, Rodolfo"]
[Result "1/2-1/2"]
[WhiteElo "1784"]
[BlackElo "1926"]
[PlyCount "33"]
[EventDate "2007.10.20"]

1. b4 Nf6 2. Bb2 e6 3. b5 a6 4. c4 axb5 5. cxb5 c6 6. Qb3 cxb5 7. Qxb5 Nc6 8.
e3 Be7 9. Nf3 O-O 10. Be2 Nd5 11. Qb3 Bf6 12. O-O b6 13. Na3 Na5 14. Qc2 Bb7
15. Bxf6 Qxf6 16. Rab1 Rfc8 17. Qb2 1/2-1/2

[Event "XIX Festival A"]
[Site "Arco ITA"]
[Date "2007.10.24"]
[Round "5"]
[White "Caldara, Sisto"]
[Black "Castellano, Alfonso"]
[Result "0-1"]
[WhiteElo "1760"]
[BlackElo "1926"]
[PlyCount "65"]
[EventDate "2007.10.20"]

1. d4 Nf6 2. c4 g6 3. Nc3 Bg7 4. e4 d6 5. f3 O-O 6. Bg5 Nc6 7. h4 h5 8. Nge2 e5
9. d5 Ne7 10. Qd2 a6 11. b4 Rb8 12. c5 Bd7 13. Nc1 Kh7 14. Be2 Ne8 15. g4 f5
16. gxh5 gxh5 17. exf5 Bxf5 18. Nd3 Nf6 19. O-O-O Qe8 20. Nf2 Bg6 21. Bd3 a5
22. a3 axb4 23. axb4 Ra8 24. Nfe4 Nf5 25. Ne2 Ra3 26. Kb2 Qa4 27. Bc4 Nd7 28.
Ra1 Ra8 29. Rxa3 Qxa3+ 30. Kc2 Qxf3 31. N2c3 Nd4+ 32. Kb2 Qxh1 33. Ng3 0-1

[Event "XIX Festival A"]
[Site "Arco ITA"]
[Date "2007.10.24"]
[Round "5"]
[White "Coqueraut, Jean Dominique"]
[Black "Picone, Franco"]
[Result "1/2-1/2"]
[WhiteElo "2061"]
[BlackElo "1864"]
[PlyCount "56"]
[EventDate "2007.10.20"]

1. d4 d5 2. c4 c6 3. cxd5 cxd5 4. Nc3 Nf6 5. Nf3 e6 6. Bg5 Be7 7. e3 O-O 8. Bd3
b6 9. O-O Ba6 10. Rc1 Bxd3 11. Qxd3 Nbd7 12. Rc2 h6 13. Bh4 Ne8 14. Bxe7 Qxe7
15. Rfc1 Nd6 16. e4 Rfc8 17. b3 Qe8 18. h3 Nf6 19. Nd2 a6 20. f3 e5 21. dxe5
Qxe5 22. f4 Qe6 23. Nf3 Ndxe4 24. Nd4 Qe8 25. Nxe4 dxe4 26. Qe2 Nd5 27. Qd2
Rxc2 28. Rxc2 Rc8 1/2-1/2

[Event "XIX Festival A"]
[Site "Arco ITA"]
[Date "2007.10.24"]
[Round "5"]
[White "Coqueraut, Lodewyk"]
[Black "Thonig, Manfred"]
[Result "1-0"]
[WhiteElo "1926"]
[BlackElo "1739"]
[PlyCount "88"]
[EventDate "2007.10.20"]

1. d4 f5 2. c4 Nf6 3. Nc3 e6 4. Nf3 d5 5. g3 Bb4 6. Bg2 Bxc3+ 7. bxc3 Ne4 8.
cxd5 exd5 9. Qb3 O-O 10. Bf4 c6 11. O-O Nd7 12. c4 Ndf6 13. cxd5 Nxd5 14. Rfe1
Qe7 15. Rac1 Be6 16. Be5 Nb6 17. Qc2 Rad8 18. Nd2 Bd5 19. f3 Nxd2 20. Qxd2 Nc4
21. Qc3 Qf7 22. Bf4 Qg6 23. Kf2 Rfe8 24. h4 h5 25. Bh3 Qe6 26. e3 Rc8 27. e4
Nb6 28. Bxf5 Qf7 29. Bxc8 Rxc8 30. exd5 Nxd5 31. Qb3 Qd7 32. Kg2 Kh8 33. Be5
Rf8 34. Qc2 Rf5 35. Qd2 Qf7 36. Qh6+ Kg8 37. Bxg7 Qxg7 38. Re8+ Rf8 39. Rxf8+
Kxf8 40. Qd6+ Kg8 41. Re1 Kh7 42. Re5 Nf4+ 43. Kh2 Qg6 44. Re7+ Kh6 1-0

[Event "XIX Festival A"]
[Site "Arco ITA"]
[Date "2007.10.24"]
[Round "5"]
[White "Cracco, Pietro"]
[Black "Del Nevo, Claudio"]
[Result "0-1"]
[WhiteElo "2041"]
[BlackElo "1889"]
[PlyCount "100"]
[EventDate "2007.10.20"]

1. Nf3 d6 2. g3 Nf6 3. Bg2 g6 4. d3 Bg7 5. O-O O-O 6. e4 c6 7. Nbd2 Nbd7 8. a4
Qc7 9. Re1 b6 10. Nf1 Bb7 11. h4 Ng4 12. N3h2 Nxh2 13. Nxh2 Nf6 14. c3 a5 15.
Be3 e5 16. Qd2 d5 17. Bh6 dxe4 18. Bxg7 Kxg7 19. dxe4 Rad8 20. Qe2 Rd6 21. Rad1
Rfd8 22. Rxd6 Rxd6 23. Rd1 Rxd1+ 24. Qxd1 Qd7 25. Qxd7 Nxd7 26. Ng4 h5 27. Ne3
Nc5 28. Nc4 Nxa4 29. b3 Nxc3 30. Nxb6 Ne2+ 31. Kf1 Nd4 32. Ke1 Nxb3 33. Kd1 Nc5
34. Nc4 a4 35. Nxe5 a3 36. Kc2 f6 37. Nc4 a2 38. Kb2 Nd3+ 39. Kxa2 Nxf2 40. e5
Bc8 41. exf6+ Kxf6 42. Bxc6 Be6 43. Kb3 Nd3 44. Kc3 Bxc4 45. Kxc4 Ne5+ 46. Kc5
Nxc6 47. Kxc6 Kf5 48. Kd6 Kg4 49. Ke6 Kxg3 50. Kf6 Kxh4 0-1

[Event "XIX Festival A"]
[Site "Arco ITA"]
[Date "2007.10.24"]
[Round "5"]
[White "De Napoli, Giuseppe"]
[Black "Battiston, Claudio"]
[Result "1/2-1/2"]
[WhiteElo "2033"]
[BlackElo "1882"]
[PlyCount "64"]
[EventDate "2007.10.20"]

1. d4 d5 2. c4 e6 3. Nc3 c5 4. dxc5 d4 5. Ne4 f5 6. Bg5 Qa5+ 7. Qd2 Qxd2+ 8.
Nxd2 Bxc5 9. Nb3 Bb4+ 10. Nd2 a5 11. O-O-O Nc6 12. Ngf3 e5 13. a3 Bd6 14. Nb3
Be6 15. e3 a4 16. exd4 axb3 17. d5 Bc7 18. dxe6 h6 19. Bd2 Ke7 20. Nh4 Kxe6 21.
c5 g5 22. Nf3 Na5 23. Bc3 Nf6 24. Bb5 Rh7 25. Rhe1 Ne4 26. Bxe5 Bxe5 27. Nxe5
Kxe5 28. f3 Rc8 29. Kb1 Rxc5 30. Bd3 Rd7 31. fxe4 f4 32. Be2 Rxd1+ 1/2-1/2

[Event "XIX Festival A"]
[Site "Arco ITA"]
[Date "2007.10.24"]
[Round "5"]
[White "De Nisi, Roberta"]
[Black "Viviani, Mario"]
[Result "1-0"]
[WhiteElo "1845"]
[BlackElo "1800"]
[PlyCount "55"]
[EventDate "2007.10.20"]

1. d4 d6 2. c4 Nf6 3. Nc3 Nbd7 4. e4 e5 5. d5 c6 6. Be3 Qc7 7. Bd3 Be7 8. f3
Nh5 9. Nge2 h6 10. b4 Nf8 11. O-O g5 12. Ng3 Nf4 13. Bc2 N8g6 14. Nf5 Bxf5 15.
exf5 Nf8 16. g3 Nh5 17. Ba4 Nf6 18. dxc6 bxc6 19. Nd5 Nxd5 20. cxd5 Kd8 21.
dxc6 Nh7 22. b5 Nf6 23. Rb1 Qa5 24. b6 Nd5 25. c7+ Nxc7 26. bxc7+ Kxc7 27. Qc2+
Kd8 28. Qc6 1-0

[Event "XIX Festival A"]
[Site "Arco ITA"]
[Date "2007.10.24"]
[Round "5"]
[White "Donatini, Andrea"]
[Black "Tomassoni, Leonardo"]
[Result "1-0"]
[WhiteElo "2044"]
[BlackElo "1975"]
[PlyCount "43"]
[EventDate "2007.10.20"]

1. c4 g6 2. Nc3 Bg7 3. g3 e5 4. Bg2 c6 5. d3 d6 6. e3 Nf6 7. Nge2 Bg4 8. h3 Be6
9. O-O Nbd7 10. Rb1 Nb6 11. b3 Qc7 12. Ba3 Nbd7 13. d4 Nb6 14. d5 Bf5 15. e4 c5
16. exf5 gxf5 17. Qc2 Qd7 18. Rfe1 a6 19. Nf4 Ke7 20. Nd3 Rae8 21. Nxc5 Qc7 22.
Rxe5+ 1-0

[Event "XIX Festival A"]
[Site "Arco ITA"]
[Date "2007.10.24"]
[Round "5"]
[White "Fragni, Enrico"]
[Black "Trifoni, Giorgio"]
[Result "1-0"]
[WhiteElo "1764"]
[BlackElo "1658"]
[PlyCount "147"]
[EventDate "2007.10.20"]

1. d4 Nf6 2. Nf3 g6 3. Nbd2 Bg7 4. e4 O-O 5. Bd3 d6 6. c3 Nbd7 7. Nb3 b6 8. Bf4
c5 9. Qd2 Ng4 10. h3 Ngf6 11. Bh6 e5 12. Bxg7 Kxg7 13. g4 Bb7 14. d5 a5 15. a4
Qc8 16. Qe2 Nb8 17. Nbd2 Ba6 18. c4 Qd7 19. b3 Bc8 20. Rc1 Na6 21. Rc3 Nb4 22.
Bb1 Rh8 23. Nh4 h5 24. g5 Nh7 25. Rg3 Qe7 26. Qe3 Bd7 27. f4 exf4 28. Qxf4 Rhe8
29. O-O Rf8 30. Qe3 Qe5 31. Ng2 Rae8 32. h4 f5 33. gxf6+ Rxf6 34. Rxf6 Nxf6 35.
Rg5 Qd4 36. Qxd4 cxd4 37. Nf4 d3 38. Rxg6+ Kf7 39. Rg2 Bg4 40. Nxd3 Nxe4 41.
Nxe4 Rxe4 42. Rf2+ Ke7 43. Nxb4 Re1+ 44. Rf1 Rxf1+ 45. Kxf1 axb4 46. Bc2 Kf6
47. Kf2 Ke5 48. Ke3 Bh3 49. Bd1 Bf5 50. Kd2 Bg4 51. Bxg4 hxg4 52. Ke3 Kf5 53.
Kf2 Kf4 54. Kg2 g3 55. h5 Kg5 56. h6 Kxh6 57. Kxg3 Kg5 58. Kf3 Kf5 59. Ke3 Ke5
60. Kd3 Kf4 61. Kd4 Kf5 62. Kd3 Kf4 63. Kd4 Kf5 64. Ke3 Ke5 65. Kd3 Kf4 66. c5
dxc5 67. d6 Ke5 68. d7 Kd6 69. d8=Q+ Kc6 70. Kc4 Kb7 71. Kb5 Ka7 72. Qxb6+ Ka8
73. Qxc5 Kb7 74. Qe7+ 1-0

[Event "XIX Festival A"]
[Site "Arco ITA"]
[Date "2007.10.24"]
[Round "5"]
[White "Grom, Waldemar"]
[Black "Zucchelli, Massimo"]
[Result "0-1"]
[WhiteElo "2014"]
[BlackElo "2118"]
[PlyCount "86"]
[EventDate "2007.10.20"]

1. c4 e6 2. Nc3 d5 3. cxd5 exd5 4. d4 Nf6 5. Nf3 c6 6. a3 Bd6 7. Bg5 Nbd7 8. e3
Nf8 9. Be2 Ng6 10. e4 dxe4 11. Nxe4 Be7 12. Nc3 h6 13. Bd2 Bd6 14. O-O O-O 15.
Re1 Be6 16. Bf1 Bc7 17. Qc2 Bg4 18. Ne5 Qxd4 19. Nxg6 fxg6 20. Be3 Qd6 21. g3
Kh7 22. Bg2 Bb6 23. h3 Bf5 24. Qb3 Be6 25. Qc2 Qd7 26. Rad1 Qf7 27. Rc1 Bb3 28.
Qe2 Rae8 29. Qd2 Rd8 30. Qe2 Nd5 31. Nxd5 Bxd5 32. Bxd5 Rxd5 33. Bxb6 axb6 34.
Rc2 Rfd8 35. Qe3 Qf5 36. Rce2 Qxh3 37. Qf3 Qf5 38. Qb3 b5 39. Re7 R8d7 40. Qc3
Rxe7 41. Rxe7 Rd1+ 42. Kg2 Qd5+ 43. Qf3 Rg1+ 0-1

[Event "XIX Festival A"]
[Site "Arco ITA"]
[Date "2007.10.24"]
[Round "5"]
[White "Hackbarth, Wolfgang"]
[Black "Rettore, Ludwig"]
[Result "1/2-1/2"]
[WhiteElo "2119"]
[BlackElo "2177"]
[PlyCount "53"]
[EventDate "2007.10.20"]

1. c4 e6 2. Nf3 Nf6 3. g3 d5 4. Bg2 Be7 5. O-O O-O 6. cxd5 exd5 7. d4 c5 8. Nc3
Nc6 9. Bg5 cxd4 10. Nxd4 h6 11. Bxf6 Bxf6 12. Nb3 d4 13. Nd5 Be5 14. Qd2 Be6
15. Nb4 Qd6 16. Nd3 Bxb3 17. axb3 Bf6 18. b4 Rfe8 19. Ra4 Re7 20. Rfa1 Rae8 21.
b5 Rxe2 22. Qd1 Nd8 23. Rxa7 Qb6 24. Qb3 Bg5 25. Ra8 g6 26. Qd5 Kg7 27. h4
1/2-1/2

[Event "XIX Festival A"]
[Site "Arco ITA"]
[Date "2007.10.24"]
[Round "5"]
[White "Henrichsen, Jens"]
[Black "Collato, Luca"]
[Result "1/2-1/2"]
[WhiteElo "1982"]
[BlackElo "1512"]
[PlyCount "77"]
[EventDate "2007.10.20"]

1. d4 f5 2. g3 Nf6 3. Bg2 g6 4. c3 Bg7 5. Qb3 c6 6. Nd2 d5 7. Ngf3 Nbd7 8. Ng5
Nb6 9. a4 h6 10. Ngf3 Ne4 11. a5 Nxd2 12. Nxd2 Nd7 13. c4 e6 14. Nf3 O-O 15.
Bf4 b6 16. Bd6 Re8 17. Ne5 Nxe5 18. dxe5 Ba6 19. cxd5 exd5 20. Rc1 Rc8 21. axb6
Bxe5 22. b7 Bxb7 23. Qxb7 Qxd6 24. O-O Rc7 25. Qb3 Kg7 26. Rc2 Ree7 27. Rfc1
Rb7 28. Qa2 Rb6 29. e3 Reb7 30. f4 Bf6 31. Qa4 Rc7 32. Qa2 Bd8 33. Qa5 Qe7 34.
Qc3+ Qf6 35. Qxf6+ Kxf6 36. Bxd5 cxd5 37. Rxc7 Bxc7 38. Rxc7 a5 39. Rc5 1/2-1/2

[Event "XIX Festival A"]
[Site "Arco ITA"]
[Date "2007.10.24"]
[Round "5"]
[White "Idili, Leonardo"]
[Black "Ludovici, Roberto"]
[Result "1-0"]
[WhiteElo "1735"]
[BlackElo "1864"]
[PlyCount "139"]
[EventDate "2007.10.20"]

1. d4 d5 2. Nf3 Nf6 3. c4 e6 4. cxd5 exd5 5. Nc3 Be7 6. Bg5 O-O 7. e3 c6 8. Bd3
Nbd7 9. O-O Re8 10. Qc2 Nf8 11. a3 Nh5 12. Bxe7 Qxe7 13. Rac1 Nf6 14. Na4 Ne4
15. Nc5 b6 16. Nb3 Bb7 17. Nfd2 Nxd2 18. Nxd2 Rac8 19. Nf3 g6 20. Ne5 c5 21.
Qd2 c4 22. Be2 f6 23. Nf3 Kg7 24. Nh4 Qd7 25. h3 Ne6 26. Bg4 f5 27. Be2 Ng5 28.
Nf3 Ne4 29. Qc2 b5 30. Nd2 a5 31. Nxe4 fxe4 32. Bg4 Qc6 33. Bxc8 Bxc8 34. Qd2
Qb6 35. f3 b4 36. fxe4 Rxe4 37. Qf2 Qd8 38. Qf7+ Kh6 39. Qf8+ Qxf8 40. Rxf8 Bd7
41. Kf2 b3 42. Ra8 a4 43. Ra5 Bc6 44. Ra6 Re6 45. Kf3 Kg5 46. Rb6 h5 47. g3 Kf6
48. h4 Ke7 49. Rf1 Kd7 50. Ke2 Kc7 51. Rb4 Kd6 52. Rf7 Be8 53. Rb6+ Bc6 54. Rb8
Be8 55. Rd8+ Kc6 56. Ra8 Kb6 57. Rg7 Bc6 58. Rb8+ Ka6 59. Kd2 Be8 60. Rg8 Bc6
61. Rgf8 Ka7 62. Rbc8 Kb7 63. Ra8 Kb6 64. Rab8+ Ka6 65. Rg8 Ka7 66. Rbf8 Ka6
67. Rg7 Kb6 68. Rgf7 c3+ 69. bxc3 Ka6 70. Rf6 1-0

[Event "XIX Festival A"]
[Site "Arco ITA"]
[Date "2007.10.24"]
[Round "5"]
[White "Koelmans, Jan Willem"]
[Black "Cardili, Mariano"]
[Result "1-0"]
[WhiteElo "2008"]
[BlackElo "2100"]
[PlyCount "83"]
[EventDate "2007.10.20"]

1. d4 d5 2. c4 c6 3. Nf3 Nf6 4. Nc3 dxc4 5. a4 Bf5 6. e3 e6 7. a5 Bb4 8. Qa4
Qe7 9. Bxc4 O-O 10. O-O Nbd7 11. Be2 Rac8 12. Bd2 Bd6 13. Rfc1 Rfd8 14. h3 h6
15. Qb3 Rc7 16. Bf1 Ne4 17. Nxe4 Bxe4 18. Be2 e5 19. a6 Bd5 20. Qd1 e4 21. Nh2
b6 22. Bc4 Bxc4 23. Rxc4 c5 24. Rac1 b5 25. R4c2 c4 26. Ba5 Nb6 27. Qh5 Qd7 28.
Nf1 Rdc8 29. Nd2 f5 30. g4 Rf8 31. Bxb6 axb6 32. b3 cxb3 33. Nxb3 Rxc2 34. Rxc2
Bb8 35. g5 hxg5 36. Qxg5 Rf6 37. Kf1 f4 38. Qg4 Qf7 39. Nd2 Re6 40. Rc8+ Re8
41. Nxe4 b4 42. Nf6+ 1-0

[Event "XIX Festival A"]
[Site "Arco ITA"]
[Date "2007.10.24"]
[Round "5"]
[White "Lazic, Miroljub"]
[Black "Salvador, Roland"]
[Result "0-1"]
[WhiteElo "2492"]
[BlackElo "2456"]
[PlyCount "86"]
[EventDate "2007.10.20"]

1. Nf3 Nf6 2. b3 d5 3. e3 Bg4 4. Bb2 Nbd7 5. Be2 e6 6. c4 c6 7. O-O Bd6 8. d4
Ne4 9. Ne5 Bxe2 10. Qxe2 Qc7 11. cxd5 exd5 12. Nxd7 Qxd7 13. f3 Ng5 14. e4
O-O-O 15. e5 Bc7 16. Nd2 f5 17. b4 Ne6 18. Nb3 Bb6 19. a4 a6 20. Qc2 Kb8 21. f4
g5 22. fxg5 f4 23. Qd3 Rhg8 24. Bc1 Rdf8 25. b5 Nxg5 26. bxc6 Qg4 27. Ra2 Nh3+
28. Kh1 f3 29. g3 Qh5 30. Nc5 Bxc5 31. dxc5 Rxg3 32. Rb2 Rg7 33. Qxa6 Rg1+ 34.
Rxg1 Nf2+ 35. Rxf2 bxa6 36. Rg5 Qh4 37. Rg3 Qxa4 38. Bh6 Rf5 39. e6 Qa1+ 40.
Rg1 Qe5 41. e7 Kc7 42. Bg5 Rxg5 43. Rxg5 Qxg5 0-1

[Event "XIX Festival A"]
[Site "Arco ITA"]
[Date "2007.10.24"]
[Round "5"]
[White "Lazzaroni, Fabio"]
[Black "Papa, Angelo"]
[Result "0-1"]
[WhiteElo "1697"]
[BlackElo "1903"]
[PlyCount "76"]
[EventDate "2007.10.20"]

1. e4 g6 2. d4 Bg7 3. Nf3 d6 4. Be2 Nf6 5. Nc3 O-O 6. O-O c6 7. Re1 Qc7 8. h3
Nbd7 9. Be3 b5 10. a3 a6 11. Qd2 e5 12. Rad1 exd4 13. Nxd4 Re8 14. Bf3 Bb7 15.
Bf4 Ne5 16. Bxe5 dxe5 17. Nb3 Rad8 18. Qe3 Bc8 19. Nc5 Bf8 20. b4 Nd7 21. Nxd7
Bxd7 22. Rd2 Be6 23. Red1 Rxd2 24. Rxd2 a5 25. bxa5 Qxa5 26. Rd3 Qc7 27. Ne2
Ra8 28. Rc3 Bc4 29. Ng3 Qa5 30. Be2 Bh6 31. Qxh6 Qxc3 32. Nf5 gxf5 33. exf5
Qa1+ 34. Kh2 Qxa3 35. Bh5 Qf8 36. Qg5+ Qg7 37. Qe7 Bd5 38. Qb7 Qxg2# 0-1